[Event "45th Olympiad 2024"]
[Site "Budapest HUN"]
[Date "2024.09.16"]
[Round "6.28"]
[Board "2"]
[White "Ammar, Sedrani"]
[Black "Blomqvist, Erik"]
[Result "1-0"]
[WhiteElo "2226"]
[BlackElo "2491"]
[PlyCount "139"]
[EventDate "2024.09.11"]
[WhiteTeam "United Arab Emirates"]
[BlackTeam "Sweden"]
[WhiteTeamCountry "UAE"]
[BlackTeamCountry "SWE"]

1. d4 Nf6 2. c4 e6 3. Nf3 d5 4. g3 Bb4+ 5. Bd2 a5 6. Bg2 O-O 7. O-O dxc4 8. Qc2 Bxd2 9. Nbxd2 b5 10. a4 c6 11. Rfd1 ({RR} 11. b3 cxb3 12. Nxb3 Ba6 13. Rfc1 bxa4 14. Nc5 Bb5 15. Nxa4 Nbd7 16. Nc3 Nd5 17. Qb2 Nxc3 18. Rxc3 a4 19. e3 Qa5 20. Nd2 Rfb8 21. Qc1 h6 22. Nc4 Qd8 23. Na3 Ra7 24. Rb1 Nf6 25. Rc5 Rab7 {1-0 Andreikin,D (2729)-Le,Q (2709) Chess.com Rapid Wk9 Swiss 2022 (3)}) ({RR} 11. axb5 cxb5 12. Ne5 Ra6 13. e3 Nfd7 14. f4 f6 15. Nef3 Bb7 16. Ng5 fxg5 17. Bxb7 Ra7 18. Be4 h6 19. Nf3 gxf4 20. gxf4 Nf6 21. Bg6 Nc6 22. Kh1 Qd5 23. e4 Qd8 24. Rad1 Nb4 25. Qg2 Nd3 {0-1 Gulamirian,K (1890)-Zenelaj,S (2207) Titled Tue 13th Aug Early 2024 (1)}) ({RR} 11. b3 cxb3 12. Nxb3 Ba6 13. Ne5 bxa4 14. Rxa4 Bb5 15. Ra3 a4 16. Qb2 Qd6 17. Nc5 Nbd7 18. Rc1 Nxc5 19. Rxc5 Nd7 20. Nxd7 Qxd7 21. e3 Ra6 22. Qc3 Rb8 23. h4 h6 {½-½ Sirosh,I (2390)-Blomqvist,E (2523) Puhajarve rap op 20th rapid 2019 (21)}) 11... Qe7 $146 ({RR} 11... Nd5 12. Ne4 Nd7 13. Ne5 Bb7 14. Nxd7 Qxd7 15. Nc5 Qe7 16. e4 Nb4 17. Qc3 Rfd8 18. h4 e5 19. Nxb7 Qxb7 20. dxe5 Rd3 21. Rxd3 cxd3 22. axb5 Qxb5 23. Bf1 Rd8 24. Rd1 c5 25. b3 a4 26. bxa4 {1-0 Dang,H (2350)-Lana Rodriguez,D (2361) Titled Tuesday intern op 02nd Mar blitz 2021 (9)}) ({RR} 11... Na6 12. Ne5 Nb4 13. Nxc6 Nxc2 14. Nxd8 Nxa1 15. Bxa8 Rxd8 16. Rxa1 b4 17. e3 Ba6 18. Bc6 Rc8 19. Bb5 Bxb5 20. axb5 Nd5 21. Rxa5 c3 22. bxc3 bxc3 23. Nb3 c2 24. Nc1 h5 25. Kf1 Rb8 26. Ke1 {1-0 Tarini,G (2164)-Pereira,J (2197) Titled Tuesday intern op 4th Aug 2pm blitz 2020 (5)}) ({RR} 11... Ra7 12. Ne5 Nd5 13. Ndf3 Nb4 14. Qd2 f6 15. Ng4 e5 16. Ne3 e4 17. Nh4 f5 18. Bh3 f4 19. Bxc8 Qxc8 20. Neg2 f3 21. exf3 exf3 22. Ne3 g5 23. Nhf5 Rxf5 24. Nxf5 Qxf5 25. Qe3 Nd5 26. Qe8+ {0-1 Goltseva,E (2286)-Quparadze,G (2476) Speed Chess GP2 blitz 2021 (1)}) 12. e4 Na6 13. Ne5 Bb7 14. Qc3 Rfc8 15. axb5 cxb5 16. Rxa5 b4 17. Qc2 c3 18. Ndc4 cxb2 19. Qxb2 Nc7 20. Rc5 Rd8 21. Re1 Rac8 22. Na5 Na6 23. Nac6 Bxc6 24. Nxc6 Qxc5 25. dxc5 Rxc6 26. Bf1 Rb8 27. Bxa6 Rxa6 28. Qe5 Rb7 29. Rd1 h6 30. Rb1 Rc6 31. Qd4 b3 32. Qd8+ Kh7 33. Qd3 Nd7 34. e5+ g6 35. Qf3 Nxe5 36. Qe4 Rb5 37. Qxe5 Rcxc5 38. Qf6 Rf5 39. Qc3 Rfc5 40. Qf3 Rf5 41. Qc6 h5 42. Kg2 b2 43. Qc2 Rfc5 44. Qe2 Re5 45. Qf3 Rf5 46. Qa3 Rb8 47. Rxb2 Rxb2 48. Qxb2 g5 49. h3 g4 50. hxg4 hxg4 51. Qd4 Rg5 52. Qf6 Rg7 53. Kf1 Kg8 54. Qd8+ Kh7 55. Qf8 Kg6 56. Ke2 Kf6 57. Qd8+ Kf5 58. Qe7 Kg6 59. Ke3 Kf5 60. Qf8 Kf6 61. Kf4 Rg6 62. Qd8+ Kg7 63. Ke5 Rh6 64. Kd6 Rf6 65. Ke7 Rf5 66. Qd4+ Kh6 67. Kf8 e5 68. Qe4 Kg5 69. Kg7 f6 70. Qe3+ 1-0

[Event "45th Olympiad 2024"]
[Site "Budapest HUN"]
[Date "2024.09.16"]
[Round "6.28"]
[Board "3"]
[White "Lokander, Martin"]
[Black "Ahmed, Fareed"]
[Result "1-0"]
[WhiteElo "2469"]
[BlackElo "2061"]
[PlyCount "49"]
[EventDate "2024.09.11"]
[WhiteTeam "Sweden"]
[BlackTeam "United Arab Emirates"]
[WhiteTeamCountry "SWE"]
[BlackTeamCountry "UAE"]

1. d4 Nf6 2. c4 e6 3. Nc3 Bb4 4. e3 c5 5. Nge2 cxd4 6. exd4 d5 7. c5 Ne4 8. a3 Nxc3 9. Nxc3 Bxc3+ 10. bxc3 O-O 11. Bd3 b6 12. Qh5 g6 13. Qh6 Ba6 14. Bxa6 Nxa6 15. h4 bxc5 16. h5 Qf6 $146 ({RR} 16... Qe7 17. Kf1 gxh5 18. Qxh5 f6 19. Bh6 Rf7 20. Rh3 Kh8 21. Rg3 cxd4 22. cxd4 Nc7 23. Re1 Qd7 24. Qg4 Re7 25. Rge3 Rf7 26. Rg3 {½-½ Venkatesh,N (1965)-Yudasin,L (2353) 1000GM NY Winter IMC 2024 (5.6)}) 17. Rh3 cxd4 18. hxg6 Qxg6 19. Rg3 dxc3 20. Bf4 Nc5 21. Bd6 Rfc8 22. Rxg6+ fxg6 23. Ke2 a5 24. Rh1 Ra7 25. Qe3 1-0

[Event "45th Olympiad 2024"]
[Site "Budapest HUN"]
[Date "2024.09.16"]
[Round "6.28"]
[Board "4"]
[White "Sultan, Ibrahim"]
[Black "Pantzar, Milton"]
[Result "0-1"]
[WhiteElo "2206"]
[BlackElo "2437"]
[PlyCount "80"]
[EventDate "2024.09.11"]
[WhiteTeam "United Arab Emirates"]
[BlackTeam "Sweden"]
[WhiteTeamCountry "UAE"]
[BlackTeamCountry "SWE"]

1. d4 d5 2. c4 e6 3. Nc3 Nf6 4. Nf3 c6 5. e3 Nbd7 6. Be2 Be7 7. b3 O-O 8. O-O b6 9. Bb2 Bb7 10. Bd3 ({RR} 10. Rc1 c5 {½-½ Suba,M (2565)-Razuvaev,Y (2580) Ibercaja op-A 1996 (9)}) 10... h6 ({RR} 10... Rc8 11. Qe2 Qc7 12. Rac1 Qb8 13. Rfd1 Rfe8 14. Rc2 h6 15. h3 c5 16. cxd5 exd5 17. Bb5 Red8 18. Na4 Ne4 19. Rdc1 Nf8 20. Ba3 Ne6 21. Nd2 Nxd2 22. Qxd2 Bg5 23. f4 Bf6 24. dxc5 d4 25. Kh1 {0-1 Heimisson,H (2323)-Pantzar,M (2447) Gothenburg Manhem 2022 (6)}) 11. Qe2 $146 ({RR} 11. a4 Bb4 12. Na2 Bd6 13. a5 dxc4 14. bxc4 c5 15. Nc3 cxd4 16. exd4 Rc8 17. Nb5 Bb8 18. a6 Bc6 19. Rc1 Re8 20. Re1 Bf4 21. Rc2 Bb8 22. Ba3 e5 23. d5 Bxb5 24. cxb5 e4 25. Nd4 exd3 {0-1 Panda,S (2363)-Shevchuk,O (2093) Titled Tue 18th Jun Early 2024 (9)}) 11... dxc4 12. Bxc4 b5 13. Bd3 b4 14. Na4 c5 15. Nxc5 Bxc5 16. dxc5 Nxc5 17. Bc4 Nfe4 18. Rfd1 Qe7 19. Rac1 Rfd8 20. Nd4 Rac8 21. f3 Nd6 22. Bd3 Nxd3 23. Qxd3 Qg5 24. Rxc8 Nxc8 25. Qe2 Ne7 26. Nc2 Rxd1+ 27. Qxd1 Nd5 28. Qd4 Qg6 29. g3 f5 30. Qxa7 Qf7 31. Qb8+ Kh7 32. Kg2 Nc3 33. Bxc3 bxc3 34. Qf4 g5 35. Qc4 g4 36. Qxc3 gxf3+ 37. Kf2 Bd5 38. Nb4 Be4 39. Nd3 Qa7 40. Ne5 Qxa2+ 0-1

[Event "45th Olympiad 2024"]
[Site "Budapest HUN"]
[Date "2024.09.16"]
[Round "6.29"]
[Board "1"]
[White "Makhnev, Denis"]
[Black "Barrish, Daniel"]
[Result "1-0"]
[WhiteElo "2551"]
[BlackElo "2281"]
[PlyCount "75"]
[EventDate "2024.09.11"]
[WhiteTeam "Kazakhstan"]
[BlackTeam "South Africa"]
[WhiteTeamCountry "KAZ"]
[BlackTeamCountry "RSA"]

1. d4 {Gupta,Abhijeet} Nf6 2. c4 e6 3. Nf3 b6 4. g3 Bb7 5. Bg2 Bb4+ 6. Nbd2 O-O 7. O-O Be7 8. Re1 ({RR} 8. Nb1) ({RR} 8. b3 c5 9. Bb2 cxd4 10. Nxd4 Bxg2 11. Kxg2 d5) ({RR} 8. Nb1 d5 9. cxd5 exd5 10. Nc3 Re8 11. Bf4 c6 12. Qc2 Nbd7 13. Rad1 Nf8 14. Rfe1 Ne6 15. Be5 Ng4 16. e4 Nxe5 17. Nxe5 Bf6 18. exd5 cxd5 19. Ng4 Be7 20. Qb3 Nc7 21. Ne3 Bf6 22. Nexd5 Rxe1+ {1-0 Chigaev,M (2628)-Martin Duque,J (2365) ch-ESP Rapid 2024 (8.1)}) 8... c5 ({RR} 8... d5 9. cxd5 exd5 10. Ne5 ({RR} 10. b3) 10... c5 11. b3 Na6 ({RR} 11... cxd4 12. Bb2 ({RR} 12. Nd3 Ne4 13. Nf3 Nc6 14. Bb2 Bf6 15. Nf4 Nc3 16. Qd2 Ne4) 12... Bb4 13. Nd3 Bc3 14. Rc1 Ne4 15. Nxe4 dxe4 16. Bxc3 dxc3 17. Ne5 Na6 18. Rxc3 Qe7 19. Nc6 Bxc6 20. Rxc6 Rfd8) 12. Bb2 Re8 13. Rc1 Rc8 14. e3 ({RR} 14. dxc5 Nxc5 ({RR} 14... bxc5 15. e4) 15. Ndf3) 14... Qd6 15. Nd3 cxd4 16. Rxc8 Bxc8 ({RR} 16... Rxc8 17. Bxd4 Nb4 18. Nxb4 Qxb4 19. Nf3 Ne4 20. Qa1 Bf8 21. Rc1) 17. Bxd4 Bf5 18. Nf4 Nb4 19. Bxf6 Qxf6 ({RR} 19... Bxf6 20. Nc4 Qe7 21. Nxd5 Nxd5 22. Bxd5) 20. e4 ({RR} 20. Nxd5 Nxd5 21. Bxd5 Bb4 22. Qe2 Qc3) ({RR} 20. a3 Nc2 ({RR} 20... Nd3 21. Nxd5 Qe6 22. Rf1) 21. Nxd5 Qb2 22. Nc4) 20... dxe4 21. Nxe4 Bxe4 22. Rxe4 Kf8 23. Ne6+ {1-0 Gupta,A (2625)-Vaibhav,S (2530) Commonwealth-ch 2017 (7)}) ({RR} 8... Ne4 9. Ng5 ({RR} 9. Qc2 Nxd2 ({RR} 9... f5 10. Ne5) 10. Ng5 Bxg5 11. Bxb7 Nc6 12. Bxa8 Qxa8 13. Bxd2 Nxd4 14. Qd3 Bxd2 15. Qxd2 c5) 9... Bxg5 10. Nxe4 Bxc1 11. Rxc1) 9. e4 $146 ({RR} 9. d5 exd5 10. Nh4 Bc6 11. cxd5 Nxd5 12. Nf5 g6 13. e4 Nc7 14. Nxe7+ Qxe7 15. Nc4 Ne6 16. b3 Rd8 17. Bb2 d6 18. f4 Bb7 19. Ne3 Nd4 20. Bxd4 cxd4 21. Qxd4 Nd7 22. Rad1 Nf6 23. Nf5 Qd7 {1-0 Pascua,H (2424)-Wong,Y (2242) Penang op-A 9th 2017 (9)}) 9... d5 ({RR} 9... cxd4 10. Nxd4) 10. cxd5 exd5 11. e5 Ne4 12. dxc5 Nxd2 13. Nxd2 bxc5 14. Nc4 Bc6 15. Ne3 d4 16. Nf5 g6 17. Nh6+ Kg7 18. Ng4 Re8 19. Bh6+ Kg8 20. Bf3 Qb6 21. e6 f6 22. Rc1 a5 23. h4 Qb7 24. Bxc6 Qxc6 25. h5 Qd5 26. Ne3 Qxe6 27. Ng4 Qf7 28. Bg5 Kf8 29. Bh6+ Kg8 30. Bg5 Kf8 31. Rxe7 Rxe7 32. Nxf6 Re5 33. Nxh7+ Qxh7 34. Qf3+ Rf5 35. Qxa8 Rxg5 36. Qxb8+ Kg7 37. Re1 Kh6 38. Re8 1-0

[Event "45th Olympiad 2024"]
[Site "Budapest HUN"]
[Date "2024.09.16"]
[Round "6.29"]
[Board "2"]
[White "Karsten, Jan"]
[Black "Nogerbek, Kazybek"]
[Result "0-1"]
[WhiteElo "2311"]
[BlackElo "2519"]
[PlyCount "40"]
[EventDate "2024.09.11"]
[WhiteTeam "South Africa"]
[BlackTeam "Kazakhstan"]
[WhiteTeamCountry "RSA"]
[BlackTeamCountry "KAZ"]

1. e4 e5 2. Nf3 Nc6 3. Bb5 a6 4. Ba4 Nf6 5. O-O Be7 6. Re1 b5 7. Bb3 O-O 8. a4 d5 9. axb5 dxe4 10. bxc6 exf3 11. Qxf3 e4 12. Qg3 ({RR} 12. Qe3 Ng4 13. Qxe4 Bc5 14. d4 Bxd4 15. Re2 Be6 16. Nd2 Nxf2 17. Rxf2 Re8 18. Qf4 Bxb3 19. cxb3 Re1+ 20. Nf1 Bxf2+ 21. Qxf2 Qd1 22. Bd2 Rxf1+ 23. Qxf1 Qxd2 24. Qf2 Qd5 25. Qc2 Qd4+ 26. Kh1 Rd8 {½-½ Vachier Lagrave,M (2731)-Dubov,D (2710) World Blitz 2023 (15.3)}) ({RR} 12. Qe3 Bd6 13. h4 Ng4 14. Qh3 Nxf2 15. Qe3 Ng4 16. Qh3 Bc5+ 17. Kf1 Ne3+ 18. Qxe3 Bxe3 19. Rxe3 Qxh4 20. Nc3 Bf5 21. Nd5 Be6 22. Nxc7 Bxb3 23. Nxa8 Qf4+ 24. Ke1 Bc4 25. d3 exd3 26. cxd3 Qh4+ {0-1 George Samir,D (2208)-Braun,C (2400) Titled Tue 3rd Sep Early 2024 (3)}) 12... Ng4 13. Rxe4 $146 ({RR} 13. h3 Bh4 14. Qf4 Bxf2+ 15. Kh1 Bxe1 16. hxg4 {0-1 Stachanczyk,J (2124)-Wafa,H (2178) Titled Tue 18th Jul Late 2023 (4)}) ({RR} 13. d4 Bh4 14. Qc3 Bxf2+ 15. Kh1 Qh4 {0-1 Krzywda,A (2210)-Wafa,H (2211) Titled Tue 19th Sep Early 2023 (10)}) 13... Bh4 14. Qf4 Bxf2+ 15. Kh1 Bc5 16. d4 Bd6 17. Qf3 Qh4 18. Kg1 Qxh2+ 19. Kf1 Qh1+ 20. Ke2 Qxc1 0-1

[Event "45th Olympiad 2024"]
[Site "Budapest HUN"]
[Date "2024.09.16"]
[Round "6.29"]
[Board "3"]
[White "Suleymenov, Alisher"]
[Black "Levitan, Caleb Levi"]
[Result "1-0"]
[WhiteElo "2484"]
[BlackElo "2193"]
[PlyCount "69"]
[EventDate "2024.09.11"]
[WhiteTeam "Kazakhstan"]
[BlackTeam "South Africa"]
[WhiteTeamCountry "KAZ"]
[BlackTeamCountry "RSA"]

1. Nf3 d5 2. g3 Nd7 3. d4 Ngf6 4. Bg2 Nb6 5. O-O ({RR} 5. Nc3 Bf5 6. Nh4 Bg4 7. a4 e6 8. h3 Bh5 9. a5 Nc4 10. a6 b6 11. g4 Bg6 12. Nxg6 hxg6 13. g5 Ng8 14. e4 Bb4 15. Qd3 c6 16. O-O Ne7 17. Ne2 Bd6 18. b3 Na5 19. Bd2 Bc7 {0-1 Praggnanandhaa,R (2747)-Nakamura,H (2795) Titled Tue 14th May Early 2024 (8)}) 5... h6 6. Ne5 $146 ({RR} 6. Nbd2 Bf5 7. Ne5 e6 8. c3 c6 9. f3 Bh7 10. e4 Bd6 11. Qe2 O-O 12. f4 Nxe4 13. Nxe4 dxe4 14. Bxe4 Bxe4 15. Qxe4 c5 16. Be3 Bxe5 17. fxe5 c4 18. Bxh6 gxh6 19. Rf6 Nd5 20. Rxh6 f5 {1-0 Papp,L (2396)-Jaskolka,T (2193) Titled Tuesday intern op 01st Feb-A blitz 2022 (8)}) ({RR} 6. b3 Bf5 7. c4 c6 8. c5 Nc8 9. b4 g5 10. Bb2 Bg7 11. Nc3 Ne4 12. e3 O-O 13. a4 a5 14. b5 b6 15. cxb6 Nxb6 16. Nxe4 Bxe4 17. bxc6 Nc4 18. Ba3 Ra6 19. Nd2 Bxg2 20. Kxg2 Rxc6 {0-1 Janik,I (2502)-Huang,Y (2048) Titled Tue 20th Aug Early 2024 (1)}) 6... Bf5 7. c4 e6 8. c5 Nbd7 9. c6 bxc6 10. Nxc6 Qc8 11. Nc3 Qb7 12. Ne5 c6 13. Nxd7 Nxd7 14. e4 Bh7 15. Re1 Be7 16. Qg4 Bg6 17. exd5 cxd5 18. Rxe6 Nb6 19. Re5 Rd8 20. h4 Kf8 21. h5 Bh7 22. b3 Bd6 23. Re2 g5 24. hxg6 Bxg6 25. Qh4 Kg7 26. Bxh6+ Rxh6 27. Qxd8 Qc6 28. Re3 Bc7 29. Qe8 Qf6 30. Qe7 Bd8 31. Qxf6+ Bxf6 32. Rd1 Rh5 33. f4 Rh8 34. g4 Bc2 35. Rd2 1-0

[Event "45th Olympiad 2024"]
[Site "Budapest HUN"]
[Date "2024.09.16"]
[Round "6.29"]
[Board "4"]
[White "Cawdery, Daniel"]
[Black "Ansat, Aldiyar"]
[Result "1/2-1/2"]
[WhiteElo "2356"]
[BlackElo "2457"]
[PlyCount "30"]
[EventDate "2024.09.11"]
[WhiteTeam "South Africa"]
[BlackTeam "Kazakhstan"]
[WhiteTeamCountry "RSA"]
[BlackTeamCountry "KAZ"]

1. e4 c5 2. Nf3 Nc6 3. Bb5 e6 4. O-O Nge7 5. Re1 Nd4 6. Bf1 Nec6 7. c3 Nxf3+ 8. Qxf3 Be7 9. d3 O-O 10. Qg3 d5 11. Nd2 Bh4 12. Qf3 Bf6 13. Qg3 Bh4 14. Qf3 Bf6 $146 ({RR} 14... Ne5 15. Qh3 Ng6 16. g3 Bg5 17. e5 f6 18. f4 Bh6 19. Nf3 d4 20. c4 f5 21. Bg2 Rb8 22. b4 b6 23. Rb1 Bd7 24. Bd2 Qc7 25. Qh5 Be8 26. Qh3 Ba4 27. Rb2 Ne7 28. b5 a6 29. bxa6 {1-0 Ceres,D (2257)-Silva,K (2160) Nizami Ganjavi 880 years U17 blitz 2021 (7.6)}) 15. Qg3 Bh4 1/2-1/2

[Event "45th Olympiad 2024"]
[Site "Budapest HUN"]
[Date "2024.09.16"]
[Round "6.30"]
[Board "1"]
[White "Neiksans, Arturs"]
[Black "Mandizha, Farai"]
[Result "1/2-1/2"]
[WhiteElo "2571"]
[BlackElo "2371"]
[PlyCount "75"]
[EventDate "2024.09.11"]
[WhiteTeam "Latvia"]
[BlackTeam "Zimbabwe"]
[WhiteTeamCountry "LAT"]
[BlackTeamCountry "ZIM"]

1. e4 c5 2. Nf3 d6 3. Bb5+ Bd7 4. c4 g6 5. d4 Bg7 6. O-O cxd4 7. Nxd4 Nc6 8. Be3 Nf6 9. f3 O-O 10. Nc3 Ne5 ({RR} 10... a6 11. Ba4 Rc8 12. Bxc6 bxc6 13. Rc1 c5 14. Nde2 Rb8 15. Qd2 Qb6 16. Rc2 a5 17. Bh6 a4 18. Bxg7 Kxg7 19. Nf4 Bc6 20. Qe3 Qb4 21. Nd1 e5 22. Ne2 Ne8 23. Nf2 Nc7 24. Rd1 Rbd8 25. f4 {1-0 Postny,E (2597)-Spitzl,V (2365) Titled Tue 27th Feb Late 2024 (9)}) 11. b3 Bxb5 $146 ({RR} 11... Qa5 12. Rc1 h6 13. h3 Kh7 14. Bxd7 Nfxd7 15. Nd5 Qd8 16. f4 Nc6 17. f5 Nxd4 18. Bxd4 Ne5 19. Rc2 e6 20. Nf4 Qe7 21. Rcf2 a6 22. Qa1 Rae8 23. fxg6+ fxg6 24. Qc3 Rf7 25. Nxg6 Rxf2 26. Nxe7 {1-0 Panek,B (2082)-Mierzynski,J (1922) POL-chT 2nd League 2021 (7.15)}) 12. Ndxb5 a6 13. Nd4 Rc8 14. Rc1 e6 15. h3 Qa5 16. Qd2 Rfd8 17. Rfd1 h5 18. Bg5 Ned7 19. Kh1 Re8 20. Nde2 Rc6 21. Bf4 Bf8 22. Nd5 Qxd2 23. Nxf6+ Nxf6 24. Rxd2 Rec8 25. Rcd1 e5 26. Bg5 Nh7 27. Be3 b5 28. cxb5 axb5 29. g4 hxg4 30. hxg4 Be7 31. Kg2 Kg7 32. Rd5 b4 33. R1d2 Rc2 34. Kf2 Bh4+ 35. Kg2 Be7 36. Kf2 Bh4+ 37. Kg2 Be7 38. Kf2 1/2-1/2

[Event "45th Olympiad 2024"]
[Site "Budapest HUN"]
[Date "2024.09.16"]
[Round "6.30"]
[Board "2"]
[White "Makoto, Rodwell"]
[Black "Meshkovs, Nikita"]
[Result "1-0"]
[WhiteElo "2311"]
[BlackElo "2534"]
[PlyCount "133"]
[EventDate "2024.09.11"]
[WhiteTeam "Zimbabwe"]
[BlackTeam "Latvia"]
[WhiteTeamCountry "ZIM"]
[BlackTeamCountry "LAT"]

1. Nf3 {Nielsen,Peter Heine} Nf6 2. g3 d5 3. Bg2 e6 4. O-O Be7 5. c4 O-O 6. d4 dxc4 7. Qc2 b5 8. a4 b4 9. Nfd2 ({RR} 9. Nbd2 Bb7 10. Nxc4 c5 11. dxc5 Be4 12. Qd2) 9... Nd5 ({RR} 9... c6 10. Nxc4 Qxd4 11. Rd1 Qc5) 10. Nxc4 c5 11. dxc5 Ba6 12. b3 ({RR} 12. Ne3 Nd7 13. Nxd5 exd5 14. c6 Rc8 15. Bf4 ({RR} 15. Rd1 Ne5 16. Bxd5 Nxc6 17. Bxf7+ Rxf7 18. Rxd8+ Bxd8) 15... Nc5 16. c7 Qd7 17. Nd2 g5 18. Be5 f6 19. Bd4 Rxc7 20. Qd1 Ne6 21. Nb3 Bc4 22. Na5 ({RR} 22. Be3 d4 23. Nxd4 Nxd4 24. Bxd4 Rd8) 22... Nxd4 23. Qxd4 Kg7 24. Rfc1 Bxe2 25. Rxc7 Qxc7 26. Re1 Bc5 {0-1 Ding,L (2805)-Carlsen,M (2875) Croatia GCT Zagreb 2019 (8)}) ({RR} 12. Rd1 Nd7 13. c6 Rc8 14. Ne3 Ne5) 12... Nc6 $146 ({RR} 12... Bxc5 13. Nbd2 Nd7 14. Ne4 Rc8 15. Rd1 Qe7 16. Bb2 N7b6 17. Nxc5 Qxc5 18. Rd4 Bxc4 19. Rh4 h6 20. bxc4 Nc3 21. Bxc3 bxc3 22. Qxc3 Rfd8 23. Rg4 e5 24. Qf3 Rd4 25. Bh3 Rxg4 26. Bxg4 Rd8 27. Qb7 {½-½ Goncalves,S (2033)-Polaczek,R (2337) Portuguese Top League 2023 (5.4)}) ({RR} 12... Nd7 13. c6 Nc5 14. Rd1 Qc7 15. Ne3 Rad8 16. Bxd5 exd5 17. Nxd5 Rxd5 18. Rxd5 Qxc6 19. e4 f5 20. Be3 fxe4 21. Rxc5 Bxc5 22. Qxc5 Rd8 23. Na3 Qxc5 24. Bxc5 bxa3 25. Bxa3 Be2 26. Bc5 Rd1+ 27. Rxd1 {1-0 Petrov,N (2550)-Seemann,J (2288) FIDE World Cup Europe Hybrid Qual 2021 (1.1)}) ({RR} 12... Qc7 13. Bb2 Nd7 14. e4 N5f6 15. Nbd2 Rac8 16. Rad1 Nxc5 17. Be5 Qc6 18. Bxf6 gxf6 19. e5 Qc7 20. exf6 Bxf6 21. Rfe1 Bc3 22. Ne4 Bxc4 23. bxc4 Bg7 24. Ng5 Rfd8 25. Qxh7+ Kf8 26. h4 b3 27. h5 {0-1 Atakhan,A (2294)-Dubov,D (2710) Titled Arena Mar 6th blitz 2021}) 13. Bb2 Bxc5 14. Rd1 Qe7 15. Nbd2 f5 16. e3 Rac8 17. Nf3 Nb6 18. Nfe5 Nxe5 19. Nxe5 Bb7 20. Qe2 Bxg2 21. Kxg2 Qb7+ 22. Qf3 Nd5 23. Kg1 Rc7 24. Nc4 Nc3 25. Qxb7 Rxb7 26. Rd3 Be7 27. Kg2 Rd8 28. Rxd8+ Bxd8 29. Rc1 Bf6 30. Nd6 Rb6 31. Nb5 Nxb5 32. Bxf6 gxf6 33. axb5 Rxb5 34. Rc8+ Kf7 35. Rc7+ Kg6 36. Rxa7 e5 37. Kf3 h5 38. h4 Rb8 39. Rc7 Rb6 40. Ke2 e4 41. Rc4 Rb8 42. f3 exf3+ 43. Kxf3 Rb5 44. Kf4 Kf7 45. Rc7+ Kg6 46. Rd7 Kh6 47. Kf3 Kg6 48. Ke2 Rb8 49. Rd5 Rb7 50. Kf3 Re7 51. Rb5 Re4 52. Rb7 Kh6 53. Rd7 Re5 54. Rb7 Re4 55. Rb5 Kg6 56. Kf2 Rg4 57. Rd5 Re4 58. Rd4 Kf7 59. Kf3 Rxd4 60. exd4 Ke7 61. Kf4 Ke6 62. d5+ Kxd5 63. Kxf5 Kd4 64. g4 hxg4 65. Kxg4 Ke4 66. h5 f5+ 67. Kh3 1-0

[Event "45th Olympiad 2024"]
[Site "Budapest HUN"]
[Date "2024.09.16"]
[Round "6.30"]
[Board "3"]
[White "Kantans, Toms"]
[Black "Mushore, Emarald Takudzwa"]
[Result "1-0"]
[WhiteElo "2486"]
[BlackElo "2150"]
[PlyCount "79"]
[EventDate "2024.09.11"]
[WhiteTeam "Latvia"]
[BlackTeam "Zimbabwe"]
[WhiteTeamCountry "LAT"]
[BlackTeamCountry "ZIM"]

1. e4 e5 2. Nf3 Nc6 3. Bb5 a6 4. Ba4 Nf6 5. O-O b5 6. Bb3 Be7 7. Qe2 O-O 8. c3 d5 9. d3 Bg4 10. h3 Bh5 11. Bg5 dxe4 12. dxe4 Na5 13. Bc2 h6 14. Bh4 $146 ({RR} 14. Bxf6 Bxf6 15. g4 Bg6 16. Rd1 Qc8 17. Nbd2 Nb7 18. Nf1 Nc5 19. Ng3 Ne6 20. Qf1 Qb7 21. Kh2 Nf4 22. Rd7 Rad8 23. Rad1 Qc8 24. Rxd8 Rxd8 25. Ne2 Ne6 26. Ng3 Nc5 27. Qe2 Rxd1 28. Qxd1 Qa8 {½-½ Lengyel,B (2289)-Citak,S (2365) Budapest FS07 IM-B 2007 (5)}) 14... g5 15. Bg3 Bd6 16. Nbd2 Qe7 17. b4 Nb7 18. a4 c6 19. Ra2 Rac8 20. Bb3 Nd7 21. axb5 axb5 22. Ra7 Rc7 23. Rfa1 Kg7 24. Nf1 Bg6 25. Ne3 Nf6 26. Ng4 Nxe4 27. Bxe5+ f6 28. Bxd6 Nbxd6 29. Rxc7 Qxc7 30. Nd4 Bf7 31. Bxf7 Qxf7 32. f3 c5 33. fxe4 cxd4 34. e5 f5 35. Nf2 Nc4 36. cxd4 Qd5 37. Qd3 Rf7 38. Re1 Kf8 39. Nd1 f4 40. Nc3 1-0

[Event "45th Olympiad 2024"]
[Site "Budapest HUN"]
[Date "2024.09.16"]
[Round "6.30"]
[Board "4"]
[White "Mapuranga, Vitalis"]
[Black "Starostits, Ilmars"]
[Result "0-1"]
[WhiteElo "2013"]
[BlackElo "2344"]
[PlyCount "90"]
[EventDate "2024.09.11"]
[WhiteTeam "Zimbabwe"]
[BlackTeam "Latvia"]
[WhiteTeamCountry "ZIM"]
[BlackTeamCountry "LAT"]

1. d4 d5 2. c4 c6 3. Nc3 Nf6 4. Nf3 a6 5. cxd5 cxd5 6. Bf4 Nc6 7. e3 Bg4 8. h3 Bxf3 9. Qxf3 e6 10. Bd3 Rc8 ({RR} 10... h6 11. O-O Bd6 12. Rac1 O-O 13. a3 Qe7 14. Rfd1 Rfd8 15. Bxd6 {½-½ Nikolic,P (2652)-Bareev,E (2719) EU-Cup 17th Panormo 2001 (7.2)}) ({RR} 10... h6 11. O-O Bd6 12. Na4 O-O 13. Rac1 Rc8 14. a3 b5 15. Bxd6 Qxd6 16. Nc5 Na5 17. Qe2 Nd7 18. b4 Nc4 19. a4 Ra8 20. Ra1 Ndb6 21. Rfb1 Qc6 22. Bc2 Nd7 23. e4 Nxc5 24. bxc5 Rfb8 25. Rb4 {½-½ Ohler,J (2223)-Malli,S (2070) Basel Easter Master 2024 (2.11)}) 11. O-O Be7 12. Rac1 O-O 13. Bb1 $146 ({RR} 13. g4 Na5 14. Ne2 Qb6 15. b3 Nc6 16. Ng3 Qa5 17. Bb1 Nb4 18. g5 Nd7 19. Qh5 g6 20. Qh6 Rfe8 21. Be5 Bf8 22. Qh4 Rxc1 23. Rxc1 Nxe5 24. dxe5 Nc6 25. Nh5 gxh5 26. Qxh5 Bg7 27. Bxh7+ Kf8 {0-1 Rumpl,E (2165)-Lehner,O (2250) AUT-chT2O 9697 1996 (5)}) 13... b5 14. Rfd1 Qa5 15. g4 Rfd8 16. g5 Ne8 17. e4 b4 18. Ne2 g6 19. e5 Rc7 20. Kg2 Rdc8 21. Rh1 Ng7 22. h4 Nh5 23. Be3 Bf8 24. Ng3 Nxg3 25. fxg3 b3 26. axb3 Nxd4 27. Rxc7 Nxf3 28. Rxc8 Nxe5 29. Rd1 Qb5 30. Rd2 Qb7 31. Rxf8+ Kxf8 32. Bc5+ Ke8 33. Bd4 Nc6 34. Bf6 Qb4 35. Rc2 Kd7 36. Rc3 Nd4 37. Be5 Nb5 38. Rf3 Qe1 39. Rxf7+ Kc6 40. Rxh7 Qxb1 41. Bf6 Nd6 42. h5 gxh5 43. Rxh5 Qe4+ 44. Kh3 Qh1+ 45. Kg4 Qd1+ 0-1

[Event "45th Olympiad 2024"]
[Site "Budapest HUN"]
[Date "2024.09.16"]
[Round "6.31"]
[Board "1"]
[White "Miguel, Sergio"]
[Black "Garcia Pantoja, Roberto"]
[Result "0-1"]
[WhiteElo "2241"]
[BlackElo "2550"]
[PlyCount "64"]
[EventDate "2024.09.11"]
[WhiteTeam "Angola"]
[BlackTeam "Colombia"]
[WhiteTeamCountry "ANG"]
[BlackTeamCountry "COL"]

1. e4 c5 2. Nf3 d6 3. Bb5+ Bd7 4. Bxd7+ Qxd7 5. O-O Nc6 6. c3 d5 7. exd5 Qxd5 8. d4 e6 9. Qa4 ({RR} 9. dxc5 Qxd1 10. Rxd1 Bxc5 11. Nbd2 O-O-O 12. b4 Be7 13. Bb2 Nf6 14. b5 Nb8 15. c4 Nbd7 16. Nb3 Nc5 17. Bd4 Na4 18. Ne5 Rhf8 19. Bxa7 Ne4 20. Be3 Bf6 21. f4 g5 22. Rxd8+ Rxd8 23. Re1 Bxe5 {½-½ Anand,V (2751)-Caruana,F (2786) Warsaw Superbet Classic Blitz 2022 (16.2)}) ({RR} 9. dxc5 Qxd1 10. Rxd1 Bxc5 11. Bf4 Nf6 12. Nbd2 O-O 13. b4 Be7 14. Nc4 Nd5 15. Bd2 Bf6 16. Rac1 Rfd8 17. b5 Nce7 18. Na5 b6 19. Nb3 Bxc3 20. Bxc3 Nxc3 21. Rxd8+ Rxd8 22. Nfd4 Nxa2 23. Rc7 Nf5 {1-0 Garcia Pantoja,R (2526)-Cardozo,S (1911) Ibague Blitz op 2022 (9)}) 9... Nf6 10. c4 ({RR} 10. Bg5 Ne4 11. Be3 cxd4 12. cxd4 Bd6 13. Nc3 Nxc3 14. bxc3 b5 15. Qa6 O-O 16. a4 Rfb8 17. axb5 Qxb5 18. c4 Qxa6 19. Rxa6 Rb6 20. Rfa1 Rab8 21. g3 Bf8 22. Bf4 Rxa6 23. Rxa6 Rc8 24. Bd2 Rc7 {1-0 Salinas Herrera,P (2487)-Dzida,K (2385) Cristina Foisor Mem Rapid 2024 (3.28)}) 10... Qd7 11. Be3 $146 ({RR} 11. dxc5 Bxc5 12. Nc3 O-O 13. Bg5 Qc7 14. Rac1 Ng4 15. Bh4 f5 16. h3 Nge5 17. Nxe5 Nxe5 18. Nb5 Qc6 19. b4 Ng6 20. Bg5 h6 21. Nc3 Qxa4 22. Nxa4 Bxb4 23. Be3 Rfc8 24. c5 b5 25. Rb1 bxa4 {½-½ Bernadskiy,V (2561)-Matuszewski,M (2408) Krakow op-A 24th 2013 (8)}) ({RR} 11. dxc5 Bxc5 12. Rd1 Qc7 13. Qb5 Qb6 {½-½ Loyen,E (2189)-Bee,M (2143) Ruhrgebiet Regionalliga 1819 2018 (7.1)}) 11... cxd4 12. Nxd4 Bc5 13. Nf5 Bxe3 14. Nxe3 O-O 15. Nc3 Qc7 16. Rac1 Ne5 17. Nb5 Qc6 18. Rfd1 a6 19. Nc3 Qc7 20. c5 Qxc5 21. Ncd5 Qb5 22. Nxf6+ gxf6 23. Qh4 Kg7 24. Ng4 Nxg4 25. Qxg4+ Qg5 26. Qf3 b5 27. Rc6 Rfd8 28. g3 a5 29. b3 Qf5 30. Qe2 Rac8 31. Rxd8 Rxd8 32. Qc2 Qf3 0-1